| 000 | 00480nam a2200205Ia 4500 | ||
|---|---|---|---|
| 008 | 170918s9999 xx 000 0 und d | ||
| 020 | _a9780545346535 | ||
| 050 | _bS785 2014 | ||
| 100 | _aStandiford, Natalie | ||
| 245 | _aSwitched at birthday / | ||
| 245 | _cby Natalie Standiford. | ||
| 260 | _aNew York : | ||
| 260 | _bScholastic, | ||
| 260 | _c2014 | ||
| 300 | _a231 pages : | ||
| 300 | _billustrations ; | ||
| 300 | _c19cm. | ||
| 300 | _eWish. | ||
| 500 | _a510 | ||
| 999 |
_c344370 _d344370 |
||